000 00542nam a22001817a 4500
005 20231107070654.0
008 231107b |||||||| |||| 00| 0 eng d
020 _a0702150878
041 _aEnglish
082 _a346.47 VAN
100 _aVan der Merwe, D
_lEnglish
245 _aComputers and the Law /
_cD Van der Merwe
250 _aSecond Edition
260 _aCape Town :
_bJuta and Company Ltd,
_c2000
300 _bxxiv, 292 pages ;
_c25 cm.
650 _aLegal practice
_bLaw
942 _cBK
_6ALISON_BN_VRIES
999 _c344
_d344